Studying physics
Na minha lista:
| Autor principal: | |
|---|---|
| Formato: | Livro |
| Idioma: | Undetermined |
| Publicado em: |
New York, NY.
Palgrrave MacMillan
2004
|
| Assuntos: | |
| Tags: |
Adicionar Tag
Sem tags, seja o primeiro a adicionar uma tag!
|
| Thư viện lưu trữ: | Trung tâm Học liệu Trường Đại học Cần Thơ |
|---|
| LEADER | 00474nam a2200193Ia 4500 | ||
|---|---|---|---|
| 001 | CTU_117889 | ||
| 008 | 210402s9999 xx 000 0 und d | ||
| 020 | |c 25.17 | ||
| 082 | |a 530.072 | ||
| 082 | |b S221 | ||
| 100 | |a Sands, David | ||
| 245 | 0 | |a Studying physics | |
| 245 | 0 | |c David Sands | |
| 260 | |a New York, NY. | ||
| 260 | |b Palgrrave MacMillan | ||
| 260 | |c 2004 | ||
| 650 | |a physics | ||
| 904 | |i MInh | ||
| 980 | |a Trung tâm Học liệu Trường Đại học Cần Thơ | ||